00888 2200301 4500001002100000005001700021008004100038020001800079035002500097082001000122084001900132090002000151100002100171245009800192250001100290260003100301300003000332440003000362500005200392650002900444700001800473700002300491850001200514999001500526999001500541999001500556999001500571YOGYA-0209000003646820150922112623.0 ind  a979-21-0786-X a0010-020900000036468 a152.4 aK 152.4bCra A a152.4bCra AlK aCRARY, Elisabeth aAku gembirac/ Elisabeth Crary ; ilustrasi oleh Jean Whitney ; penterjemah, C. Erni Setyowati aCet. 1 aYogyakartabKanisiusc2005 a32 hlm. :bilus. ;c22 cm aChildrens problem solving aJudul asli : Dealing with feelings : Im excited aEmosi - Bacaan anak-anak aWhitney, Jean aSetyowati, C. Erni aYOPDYOG a06P0000005 a06P0000006 a06P0000007 a06P0000008